[Event "3rd Isthmia Open"]
[Site "Vrachati GRE"]
[Date "2013.08.22"]
[Round "6.20"]
[White "Kouvatsos,F"]
[Black "Tsekmes,Dimitrios"]
[Result "0-1"]
[WhiteElo "2160"]
[BlackElo "1825"]

1.d4 Nf6 2.Nf3 g6 3.c4 Bg7 4.Nc3 O-O 5.e4 d6 6.Be2 e5 7.d5 Ne8 8.O-O f5 9.Nd2 f4
10.Bg4 Nd7 11.f3 h5 12.Be6+ Kh7 13.a3 Bh6 14.b4 Ng7 15.Bh3 g5 16.Bb2 Rg8
17.c5 g4 18.fxg4 Nf8 19.Kh1 Ne8 20.gxh5 Bxh3 21.gxh3 Qh4 22.Qf3 Nf6 23.Rg1 N8d7
24.Ne2 Rxg1+ 25.Rxg1 Rg8 26.Rxg8 Kxg8 27.Nc4 Bf8 28.Bc3 Nxh5 29.cxd6 cxd6
30.Qg4+ Qxg4 31.hxg4 Nhf6 32.Nd2 Nxg4 33.Kg2 Kf7 34.Nc4 b5 35.Na5 Ne3+ 36.Kf3 Nc2
37.Nc6 a6 38.Bb2 Ne1+ 39.Kg4 Kg6 40.Bc3 Nf6+ 41.Kh3 Nf3 42.Nb8 Ng5+ 43.Kh4 Ngxe4
44.Nxf4+ exf4 45.Bxf6 Nxf6 46.Nxa6 Nxd5 47.Kg4 Bg7 48.Nb8 Be5 49.Nc6 Ne3+
50.Kf3 Nc4 51.Ne7+ Kf7 52.Nd5 Nxa3 53.h4 Ke6 54.Nc7+ Kf5 55.Nd5 Nc2 56.Ne7+ Ke6
57.Nc8 Nxb4 58.Na7 Nc2 59.Nxb5 Nd4+ 60.Nxd4+ Bxd4 61.Kxf4 Kd5 62.Kf3 Kc4
63.Ke2 Kc3 64.Kd1 Bg7 65.Kc1 Bh6+ 66.Kd1 d5  0-1

[Event "15th Sants Open 2013"]
[Site "Barcelona ESP"]
[Date "2013.08.23"]
[Round "1.2"]
[White "Iturrizaga,E"]
[Black "Delisau Gil,O"]
[Result "1-0"]
[WhiteElo "2660"]
[BlackElo "2103"]

1.Nf3 Nf6 2.c4 g6 3.Nc3 Bg7 4.e4 d6 5.d4 O-O 6.Be2 e5 7.Be3 Nbd7 8.dxe5 dxe5
9.h3 c6 10.Qd6 Nh5 11.g3 Re8 12.O-O-O Bf8 13.Qd2 Qa5 14.a3 Ng7 15.Kb1 a6
16.Qc1 Bc5 17.h4 Bxe3 18.Qxe3 b5 19.Rd6 b4 20.axb4 Qxb4 21.Rxc6 Rb8 22.Qc1 Bb7
23.Nd5 Bxc6 24.Nxb4 Rxb4 25.Nd2 Reb8 26.Qc3 Ne6 27.Bg4 Nd4 28.Bxd7 Bxd7 29.f4 f6
30.Rh2 Ba4 31.Nf1 Bb3 32.Ne3 a5 33.Rd2 a4 34.Rxd4 exd4 35.Qxd4 R4b7 36.Nd5 a3
37.Nxf6+ Kf7 38.Nd5 axb2 39.Qf6+ Kg8 40.Qe6+ Kg7 41.Qe5+ Kf7 42.Qf6+ Kg8
43.Qe6+ Kg7 44.Nc3 Rb4 45.Qd7+ Kg8 46.Qd5+ Kg7 47.Qd7+ Kg8 48.h5 Bxc4 49.h6 R4b7
50.Qd4 Be6 51.Qd6 Bc4 52.Qd4 Be6 53.Qd6 Bc4 54.f5 Ra8 55.fxg6 hxg6 56.Qxg6+ Kh8
57.Kc2 Bb3+ 58.Kd2 Rd8+ 59.Ke3 Rbd7 60.Qb6 Rd3+ 61.Ke2 Rd2+ 62.Ke1 Rd1+ 63.Nxd1 Rxd1+
64.Ke2 Re1+ 65.Kd2 Rd1+ 66.Kc3  1-0

[Event "9th BDO Premier"]
[Site "Haarlem NED"]
[Date "2013.08.23"]
[Round "7.4"]
[White "Sethuraman,S"]
[Black "Kanarek,M"]
[Result "0-1"]
[WhiteElo "2582"]
[BlackElo "2463"]

1.d4 Nf6 2.c4 d6 3.Nc3 g6 4.e4 Bg7 5.Nf3 O-O 6.Be2 e5 7.Be3 exd4 8.Nxd4 Re8
9.f3 c6 10.Bf2 d5 11.exd5 cxd5 12.O-O Nc6 13.c5 Re5 14.Qd2 Qf8 15.Ncb5 Bd7
16.b4 Bh6 17.Qb2 Qe7 18.Bd3 Be3 19.a3 Nh5 20.Bxe3 Rxe3 21.Qd2 Nxd4 22.Nxd4 Nf4
23.Rfe1 Re5 24.Bf1 Re8 25.Red1 Qf6 26.b5 Re3 27.Kh1 h5 28.a4 h4 29.Qf2 Nh5
30.c6 bxc6 31.bxc6 Bc8 32.c7 Qf4 33.Bb5 R8e4 34.Qb2 Ng3+ 35.Kg1 Re2 36.Qc3 h3
37.Bxe2 Rxe2 38.gxh3 Rxh2 39.Qc1 Rh1+ 40.Kf2 Rh2+ 41.Kg1 Rh1+ 42.Kf2 Ne4+
43.Ke2 Ba6+  0-1

[Event "28th Schwarzacher Open"]
[Site "Schwarzach AUT"]
[Date "2013.08.23"]
[Round "8.4"]
[White "Lund,E"]
[Black "Krstic,U"]
[Result "1-0"]
[WhiteElo "2421"]
[BlackElo "2478"]

1.d4 Nf6 2.c4 d6 3.Nc3 g6 4.e4 Bg7 5.Be2 Nbd7 6.Nf3 e5 7.O-O O-O 8.Qc2 c6
9.Rd1 Qe7 10.Bf1 h6 11.Rb1 exd4 12.Nxd4 a5 13.f3 Nh5 14.Be3 f5 15.Bf2 f4
16.Na4 Be5 17.Rd2 Ng7 18.Rbd1 g5 19.c5 Nxc5 20.Nxc5 dxc5 21.Nxc6 bxc6 22.Bxc5 Qc7
23.Bxf8 Kxf8 24.Rd8+ Kf7 25.Qc5 Kg6 26.Bc4 Rb8 27.Rg8 Be6 28.Bxe6 Rxg8 29.Bxg8 Bxb2
30.Qd6+ Qxd6 31.Rxd6+  1-0

[Event "15th Sants Open 2013"]
[Site "Barcelona ESP"]
[Date "2013.08.24"]
[Round "2.13"]
[White "Juan Bartroli,Pau"]
[Black "Bailet,P"]
[Result "0-1"]
[WhiteElo "2173"]
[BlackElo "2474"]

1.d4 Nf6 2.c4 d6 3.Nf3 g6 4.Nc3 Bg7 5.e4 O-O 6.Be2 Nbd7 7.O-O e5 8.dxe5 dxe5
9.h3 c6 10.Be3 Qe7 11.Qc2 Nh5 12.Rfe1 Nf4 13.Bf1 Nc5 14.b4 Nce6 15.c5 a5
16.Na4 axb4 17.Nb6 Ra3 18.Nc4 Rc3 19.Qb2 Ng5 20.Ncd2 Nxf3+ 21.Nxf3 Nd3 22.Bxd3 Rxd3
23.Qxb4 Rfd8 24.Nd2 Be6 25.Nc4 R3d4 26.Bxd4 Rxd4 27.Rac1 b5 28.Qa3 Rxc4 29.Qa8+ Bf8
30.Rxc4 bxc4 31.a4 Qxc5 32.a5 Qb4 33.Rf1 c3 34.a6 Bc4 35.Rc1 Qa3 36.Rxc3 Qxc3
37.a7 Kg7 38.Qb8 Bd6 39.Qxd6 Qa1+ 40.Kh2 Qxa7 41.Qxe5+ f6 42.Qf4 Qe7 43.Qe3 Bf7
44.f4 c5 45.g4 Qd6  0-1

[Event "12th Lichtenberger Sommer"]
[Site "Berlin GER"]
[Date "2013.08.24"]
[Round "8.77"]
[White "Kujawa,W"]
[Black "Getzuhn,D"]
[Result "1/2-1/2"]
[WhiteElo "1814"]
[BlackElo "1903"]

1.d4 Nf6 2.c4 g6 3.Nc3 Bg7 4.e4 d6 5.Nf3 O-O 6.Be2 Nbd7 7.O-O e5 8.Re1 exd4
9.Nxd4 Re8 10.f3 Nc5 11.Bf1 Ne6 12.Be3 Bd7 13.Rc1 Nh5 14.Nxe6 Bxe6 15.Qd2 f5
16.exf5 gxf5 17.Bd4 Qd7 18.Kh1 Qf7 19.Bxg7 Qxg7 20.b3 Kh8 21.Rcd1 Re7 22.Qd4 Qxd4
23.Rxd4 Rae8 24.Nd5 Bxd5 25.Rxe7 Rxe7 26.Rxd5 Re1 27.Kg1 Ng7 28.c5 Re5 29.Rxe5 dxe5
30.Bc4 Ne8 31.Kf2 Kg7 32.Ke3 Kf6 33.b4 b6 34.Bb5 Ng7 35.cxb6 cxb6 36.g4 fxg4
37.fxg4 Ne6 38.Bd7 Nc7 39.Ke4 h6 40.h4 Na6 41.a3 Nc7 42.g5+ hxg5 43.hxg5+ Ke7
44.Bc6 Kd6 45.b5 Ne6 46.Kf5 Nd4+ 47.Kf6 Nxc6 48.bxc6 e4 49.g6 e3 50.g7 e2
51.g8=Q e1=Q 52.Qb8+ Kxc6 53.Qxa7 Qh4+ 54.Ke5 Qg5+ 55.Kd4 Qc5+ 56.Kd3 Kb5
57.Qd7+ Ka5 58.Qa7+ Kb5 59.Qd7+ Qc6 60.Qxc6+ Kxc6 61.Kc4 b5+ 62.Kb4 Kb6 63.a4 bxa4
64.Kxa4  1/2-1/2

[Event "12th Lichtenberger Sommer"]
[Site "Berlin GER"]
[Date "2013.08.24"]
[Round "8.15"]
[White "Kohler,T"]
[Black "Jaeger,A"]
[Result "1-0"]
[WhiteElo "2263"]
[BlackElo "2005"]

1.d4 Nf6 2.c4 d6 3.Nc3 Nbd7 4.e4 e5 5.Nf3 g6 6.Be2 Bg7 7.O-O O-O 8.d5 Nc5
9.Qc2 a5 10.Bg5 h6 11.Be3 b6 12.Nd2 Ng4 13.Bxg4 Bxg4 14.a3 f5 15.f3 Bh5 16.b4 f4
17.Bxc5 dxc5 18.bxc5 bxc5 19.Nb3 Qe7 20.Qf2 Rfb8 21.Nxc5 Bf8 22.Ne6 Rb3 23.Na4 Rxa3
24.Nxf8 Rxa1 25.Rxa1 Kxf8 26.Qc5 g5 27.Qc6 Qe8 28.Qxh6+ Kg8 29.Qxg5+ Kh8
30.Nc5 Ra7 31.Ne6 c6 32.Qxe5+  1-0

[Event "12th Lichtenberger Sommer"]
[Site "Berlin GER"]
[Date "2013.08.24"]
[Round "8.7"]
[White "Sieglen,J"]
[Black "Bruedigam,M"]
[Result "1/2-1/2"]
[WhiteElo "2270"]
[BlackElo "2312"]

1.d4 Nf6 2.c4 g6 3.Nc3 Bg7 4.e4 d6 5.Nf3 O-O 6.Be2 e5 7.O-O exd4 8.Nxd4 Re8
9.f3 c6 10.Kh1 Nh5 11.Be3 f5 12.Qd2 f4 13.Bf2 Be5 14.Rfd1 Na6 15.Kg1 Qe7
16.a3 Nc5 17.Rab1 Ne6 18.b4 Nxd4 19.Bxd4 Be6 20.Bxe5 dxe5 21.Na4 Nf6 22.Qc3 Bf7
23.c5 Rad8 24.Nb2 Rxd1+ 25.Rxd1 Rd8 26.Rxd8+ Qxd8 27.Bc4 b5 28.cxb6 Qxb6+
29.Kf1 Nd7 30.Bxf7+ Kxf7 31.Nc4 Qc7 32.Na5 c5 33.Qc4+ Kf6 34.Nb3 Qd6 35.bxc5 Nxc5
36.Qxc5 Qd1+ 37.Kf2 Qxb3  1/2-1/2

[Event "33rd Bratto Open"]
[Site "Bratto ITA"]
[Date "2013.08.24"]
[Round "8.5"]
[White "Levin,F"]
[Black "Qendro,L"]
[Result "1/2-1/2"]
[WhiteElo "2478"]
[BlackElo "2327"]

1.d4 g6 2.c4 Bg7 3.Nf3 d6 4.Nc3 Nf6 5.e4 O-O 6.Be2 e5 7.dxe5 dxe5 8.Qxd8 Rxd8
9.Bg5 Re8 10.Nd5 Nxd5 11.cxd5 c6 12.Bc4 cxd5 13.Bxd5 Nd7 14.Nd2 Nc5 15.Ke2 Ne6
16.Be3 Nf4+ 17.Bxf4 exf4 18.Kf3 Be6 19.Nc4 Bxd5 20.exd5 Red8 21.Rad1 Rac8
22.b3 Rc5 23.d6 Bf8 24.a4 g5 25.Rd3 f6 26.h4 h6 27.d7 Rc7 28.Rhd1 Kf7 29.Kg4 Ke6
30.Re1+ Kf7 31.Red1 Ke6 32.Re1+ Kf7 33.Red1  1/2-1/2

[Event "4th Sarkany-Aranytiz IM"]
[Site "Budapest HUN"]
[Date "2013.08.24"]
[Round "8"]
[White "Gal,Ta"]
[Black "Brustkern,J"]
[Result "0-1"]
[WhiteElo "2240"]
[BlackElo "2227"]

1.d4 Nf6 2.Nf3 g6 3.c4 Bg7 4.Nc3 O-O 5.e4 d6 6.Be2 Nbd7 7.O-O e5 8.Be3 Re8
9.d5 Nh5 10.Ne1 Nf4 11.Nd3 Nxe2+ 12.Qxe2 f5 13.f3 f4 14.Bf2 g5 15.c5 a6 16.Rac1 Bf8
17.Na4 Nf6 18.cxd6 Bxd6 19.Bc5 b5 20.Bxd6 cxd6 21.Nc3 g4 22.Qf2 Kh8 23.Kh1 Rg8
24.Ne2 Nh5 25.fxg4 Nf6 26.h3 Nxe4 27.Qe1 Nf6 28.Nc3 Ra7 29.g3 Rag7 30.gxf4 Nxg4
31.f5 Qg5 32.Qe4 Qh6 33.Rf3 Nf6 34.Qe2 Rg3 35.Qf1 Bxf5 36.Ne2 Rxf3 37.Qxf3 Be4  0-1

[Event "9th BDO Challenger"]
[Site "Haarlem NED"]
[Date "2013.08.24"]
[Round "8.1"]
[White "Meng,R"]
[Black "Buchal,S"]
[Result "1-0"]
[WhiteElo "2307"]
[BlackElo "2296"]

1.d4 g6 2.c4 Bg7 3.Nf3 d6 4.Nc3 Nf6 5.e4 O-O 6.Be2 Na6 7.O-O e5 8.Be3 Ng4
9.Bg5 Qe8 10.dxe5 dxe5 11.h3 f6 12.Bc1 Nh6 13.Rb1 Nc5 14.b4 Ne6 15.c5 Nf7
16.b5 Nxc5 17.Ba3 Ne6 18.Bxf8 Qxf8 19.Nd5 Qd8 20.Rc1 Bf8 21.Nxc7 Nxc7 22.Qxd8 Nxd8
23.Rxc7 Bd6 24.Rc2 Kf8 25.Rfc1 Be6 26.Bc4 Ke7 27.Bxe6 Nxe6 28.Rc8 Rxc8 29.Rxc8 Bc5
30.Rb8 Nd8 31.Ne1 Kd7 32.Nd3 Bd4 33.Nb4 f5 34.Nd5 fxe4 35.Nf6+ Kc7 36.Ra8 Ne6
37.Nxe4 Kb6 38.Re8 Nf4 39.Re7 h5 40.Kf1 Kxb5 41.Rxb7+ Kc6 42.Rb3 Kd5 43.Nc3+ Kc4
44.Ne2 Nd5 45.Nxd4 exd4 46.Ra3 Nc3 47.Rxa7 Kd3 48.Ke1 Kc2 49.Rc7 d3 50.Rxc3+  1-0

[Event "TCh-SRB 1st League w 2013"]
[Site "Kragujevac SRB"]
[Date "2013.08.24"]
[Round "1.1"]
[White "Nestorovic,I"]
[Black "Belic,J"]
[Result "0-1"]
[WhiteElo "2050"]
[BlackElo "2291"]

1.d4 Nf6 2.c4 g6 3.Nc3 Bg7 4.e4 d6 5.Nf3 O-O 6.Be2 e5 7.O-O Na6 8.Re1 Qe8
9.Bf1 Bg4 10.d5 Nd7 11.Be2 f5 12.Ng5 Bxe2 13.Qxe2 Ndc5 14.Rb1 h6 15.Nh3 f4
16.f3 Bf6 17.b4 Na4 18.Nb5 Be7 19.Qc2 Nb6 20.Rd1 c6 21.dxc6 Qxc6 22.Na3 Nxb4
23.Qb3 Qc5+ 24.Kf1 Nc6 25.Bd2 Kh7 26.Qd3 Qd4 27.Qb3 Qc5 28.Qd3 Nd4 29.Bxf4 exf4  0-1

[Event "TCh-SRB 1st League 2013"]
[Site "Kragujevac SRB"]
[Date "2013.08.24"]
[Round "1.6"]
[White "Arsovic,Z"]
[Black "Radovanovic,Nik"]
[Result "1/2-1/2"]
[WhiteElo "2425"]
[BlackElo "2269"]

1.Nf3 Nf6 2.c4 g6 3.Nc3 Bg7 4.e4 d6 5.d4 O-O 6.Be2 e5 7.O-O Na6 8.Be3 Ng4
9.Bg5 Qe8 10.Re1 c6 11.h3 h6 12.Bc1 Nf6 13.Bf1 Qe7 14.Be3 b6 15.a3 Bb7 16.b4 Rfd8
17.d5 c5 18.Rb1 Rf8 19.g3 Ne8 20.Nh4 Kh7 21.Bd3 Bc8 22.Kh2 Bf6 23.Nf3 Qd7
24.g4 h5 25.Rg1 Kg7 26.Rg3 Rh8 27.g5 Be7 28.Nh4 Kh7 29.f4 exf4 30.Bxf4 cxb4
31.axb4 Ng7 32.Nb5 Re8 33.Nd4 Bb7 34.Nc6 Bf8 35.Qc2 Bxc6 36.dxc6 Qe6 37.Nf5 Nc7
38.Ne3 Qc8 39.Nd5 Nce6 40.Be3 Kh8 41.Qf2 Nd8 42.b5 Nge6 43.Nf6 Re7 44.Bc2 Bg7
45.Rd1 Qb8 46.Qd2 d5 47.Kg2 dxc4 48.Qb4 Rc7 49.Nd5 Rc8 50.Qxc4 a6 51.Nb4 axb5
52.Qxb5 Ra5 53.Qc4 Be5 54.Rf3 Bf4 55.Qc3+ Be5 56.Qc4 Bf4 57.Qc3+ Be5  1/2-1/2

[Event "TCh-ESP CECLUB 5th-12th 2013"]
[Site "Linares ESP"]
[Date "2013.08.24"]
[Round "1.1"]
[White "Vazquez Igarza,R"]
[Black "Dura Olmos,G"]
[Result "1-0"]
[WhiteElo "2580"]
[BlackElo "2042"]

1.Nf3 Nf6 2.c4 g6 3.Nc3 Bg7 4.e4 d6 5.d4 O-O 6.Be2 e5 7.Be3 Ng4 8.Bg5 f6
9.Bh4 g5 10.Bg3 Nh6 11.dxe5 fxe5 12.h4 g4 13.Ng5 Nc6 14.c5 a6 15.cxd6 cxd6
16.Rc1 Nd4 17.Bc4+ Kh8 18.Ne2 Qb6 19.O-O Bd7 20.Nxd4 exd4 21.Qb3 Qxb3 22.Bxb3 Be5
23.Rc7 Rfd8 24.Rxb7 Rab8 25.Ra7 Ra8 26.Rc7 a5 27.Rd1 a4 28.Be6 Bxe6 29.Nxe6 Rdc8
30.Rxc8+ Rxc8 31.Nxd4 Rc4 32.Nf5 Nxf5 33.Bxe5+ dxe5 34.exf5 Rc2 35.f6 Kg8
36.Rd7 Rxb2 37.Rg7+ Kf8 38.Rxg4 Rxa2 39.Rg7 a3 40.Ra7 h5 41.g4 hxg4 42.h5 Rb2
43.h6  1-0

[Event "28th Schwarzacher Open"]
[Site "Schwarzach AUT"]
[Date "2013.08.24"]
[Round "9.10"]
[White "Danner,G"]
[Black "Van Foreest,Lucas"]
[Result "1/2-1/2"]
[WhiteElo "2320"]
[BlackElo "2085"]

1.d4 Nf6 2.c4 g6 3.Nc3 Bg7 4.e4 d6 5.Be2 O-O 6.Nf3 e5 7.d5 a5 8.O-O Bd7 9.Ne1 Qe7
10.Bg5 h6 11.Be3 Na6 12.Nd3 Nc5 13.f3 Nxd3 14.Bxd3 Nh5 15.Qd2 Kh7 16.g3 f5
17.exf5 Bxf5 18.Ne4 Nf6 19.Rae1 Nxe4 20.Bxe4 Rf7 21.b3 b6 22.Qd3 Re8 23.Kg2 Qd7
24.Rf2 Rf6 25.Bd2 Qf7 26.Bxf5 gxf5 27.Bc3 Qd7 28.Qc2 Rf7 29.Kf1 Kg8 30.Ke2 f4
31.Qe4 fxg3 32.hxg3 Qf5 33.Qxf5 Rxf5 34.Rh1 e4 35.Bxg7 exf3+  1/2-1/2

[Event "12th Lichtenberger Sommer"]
[Site "Berlin GER"]
[Date "2013.08.25"]
[Round "9.48"]
[White "Adelberger,Georg"]
[Black "Hess,Max"]
[Result "0-1"]
[WhiteElo "1924"]
[BlackElo "2013"]

1.d4 Nf6 2.c4 g6 3.Nc3 Bg7 4.Nf3 O-O 5.e4 d6 6.Be2 Na6 7.O-O e5 8.dxe5 dxe5
9.Qxd8 Rxd8 10.Bg5 Re8 11.h3 Nc5 12.Nd2 c6 13.Be3 Ne6 14.b4 Nd4 15.Rac1 a5
16.b5 Nd7 17.Rfd1 Nc5 18.f3 Be6 19.Rb1 Bf8 20.Bf1 f5 21.bxc6 bxc6 22.exf5 gxf5
23.Bxd4 exd4 24.Ne2 Bh6 25.g3 Be3+ 26.Kg2 a4 27.f4 Rab8 28.Nf3 d3 29.Ned4 Bxc4
30.Nxf5 Rxb1 31.Rxb1 Bxa2 32.Rb4 Bd5 33.g4 a3 34.Rb1 a2 35.Ra1 Bxf4 36.Kf2 Ra8
37.Ne7+ Kf8 38.Nxd5 cxd5 39.Nd4 Be5 40.Ke3 Bxd4+ 41.Kxd4 Nb3+  0-1

[Event "9th BDO Premier"]
[Site "Haarlem NED"]
[Date "2013.08.25"]
[Round "9.4"]
[White "Svane,R"]
[Black "Bitalzadeh,A"]
[Result "1-0"]
[WhiteElo "2425"]
[BlackElo "2423"]

1.Nf3 Nf6 2.c4 g6 3.Nc3 Bg7 4.e4 d6 5.d4 O-O 6.Be2 e5 7.O-O Qe8 8.dxe5 dxe5
9.Be3 b6 10.Nd5 Na6 11.Qc2 Bg4 12.a3 Bxf3 13.Nxf6+ Bxf6 14.Bxf3 Qe7 15.b4 c6
16.Qa4 Qb7 17.Rfd1 Rfd8 18.Bg4 h5 19.Bh3 Be7 20.g3 Kg7 21.Qb3 Rxd1+ 22.Rxd1 Rd8
23.Rxd8 Bxd8 24.Qc3 Bf6 25.Qd3 c5 26.b5 Nc7 27.Qd7 Qb8 28.Qc6 Ne8 29.a4 Nd6
30.Qd5 Nb7 31.Bd2 Qc7 32.Qc6 Bd8 33.Bc3 f6 34.Qd5 Be7 35.Bf1 Nd8 36.h4 Qb7
37.Qd3 Qc7 38.Bh3 Qd6 39.Qe3 Qd1+ 40.Kg2 Nf7 41.Be6 Qc2 42.Bd5 Bf8 43.a5 Nd6
44.Bd2 Kh7 45.Qc3 Qd1 46.Be3 Qb1 47.axb6 axb6 48.Qa3 Nxc4 49.Qa7+ Bg7 50.Bxc4 Qxe4+
51.Kh2 Qxc4 52.Qxb6 g5 53.Qxc5 Qg4 54.b6 gxh4 55.Qc2+ f5 56.b7 h3 57.f3 Qxf3
58.b8=Q h4 59.Qf2 hxg3+ 60.Qxg3 Qe2+ 61.Qf2  1-0

[Event "Caissa GM Aug 2013"]
[Site "Kecskemet HUN"]
[Date "2013.08.25"]
[Round "13.1"]
[White "Khatoev,E"]
[Black "Ilincic,Z"]
[Result "1/2-1/2"]
[WhiteElo "2370"]
[BlackElo "2426"]

1.d4 Nf6 2.Nf3 g6 3.c4 Bg7 4.Nc3 O-O 5.e4 d6 6.Be2 e5 7.O-O Nh5 8.g3 Bh3
9.Re1 h6 10.Be3 Nc6 11.d5 Ne7 12.Nd2 Qd7 13.c5 f5 14.cxd6 cxd6 15.exf5 Nxf5
16.Bxh5 gxh5 17.Qxh5 Nxe3 18.Rxe3 Bg4 19.Qh4 Rac8 20.f3 Bf5 21.Qb4 e4 22.Ndxe4 a5
23.Qxd6 Bd4 24.Re1 Qg7 25.Kg2 Bxe3 26.Rxe3 b5 27.g4 b4 28.Ne2 Rc2 29.Ng3 Bg6
30.Re6 Bd3 31.Nh5 Qxb2 32.Rg6+ Bxg6 33.Qxg6+ Kh8 34.Qxh6+ Kg8 35.Qg6+ Kh8
36.Qh6+  1/2-1/2

[Event "TCh-SRB 1st League 2013"]
[Site "Kragujevac SRB"]
[Date "2013.08.25"]
[Round "2.2"]
[White "Indjic,A"]
[Black "Damljanovic,B"]
[Result "0-1"]
[WhiteElo "2549"]
[BlackElo "2559"]

1.d4 d6 2.Nf3 Nf6 3.c4 g6 4.Nc3 Bg7 5.e4 O-O 6.Be2 e5 7.O-O c6 8.Qc2 Qe7
9.d5 Na6 10.a3 Bd7 11.b4 cxd5 12.cxd5 Rfc8 13.Bd2 Nc7 14.Qb3 Nfe8 15.g3 f5
16.Rfe1 Nf6 17.Bf1 Kh8 18.Rac1 Rf8 19.Bg5 Qf7 20.Bxf6 Qxf6 21.Rc2 f4 22.Nh4 Bh6
23.a4 Rf7 24.Nb5 Nxb5 25.Bxb5 Bxb5 26.axb5 Raf8 27.Rf1 Qd8 28.Rc3 fxg3 29.hxg3 Qb6
30.Qc2 Bg5 31.Ng2 Qxb5 32.Rc4 Bd8 33.Ne1 Bb6 34.Nd3 Qd7 35.Kg2 Qg4 36.Kh2 h5
37.f4 h4 38.Qg2 Rh7  0-1

[Event "15th Sants Open 2013"]
[Site "Barcelona ESP"]
[Date "2013.08.26"]
[Round "4.4"]
[White "Gustafsson,J"]
[Black "Valdes,Le"]
[Result "1/2-1/2"]
[WhiteElo "2619"]
[BlackElo "2440"]

1.d4 d6 2.Nf3 Nf6 3.c4 g6 4.Nc3 Bg7 5.e4 O-O 6.Be2 e5 7.Be3 Na6 8.O-O Ng4
9.Bg5 Qe8 10.Re1 exd4 11.Nd5 d3 12.Bxd3 c6 13.Ne7+ Kh8 14.Nxc8 Rxc8 15.Rb1 Nc5
16.Bc2 Ne6 17.Qxd6 Nxg5 18.Nxg5 Be5 19.Qd1 Bxh2+ 20.Kf1 h5 21.g3 Bxg3 22.fxg3 Qe5
23.Nf3 Qxg3 24.Qe2 Rcd8 25.b4 Rd6 26.e5 Rd4 27.Qg2 Qf4 28.Rb3 Rxc4 29.a3 Rd8
30.Kg1 Kg8 31.e6 fxe6 32.Bxg6 Rd5 33.Rd3 Rxd3 34.Bxd3 Rc1 35.Rxc1 Qxc1+ 36.Bf1 Qe3+
37.Kh1 Kf8 38.Qe2 Qxa3 39.Ng5 Qg3 40.Nxe6+ Kg8 41.Qg2 Nf2+ 42.Kg1 Nh3+ 43.Kh1 Nf2+
44.Kg1 Nh3+ 45.Kh1  1/2-1/2

[Event "Dieppe Open 2013"]
[Site "Dieppe FRA"]
[Date "2013.08.26"]
[Round "1"]
[White "Istratescu,A"]
[Black "Uhoda,P"]
[Result "1-0"]
[WhiteElo "2646"]
[BlackElo "2117"]

1.d4 Nf6 2.c4 g6 3.Nc3 Bg7 4.e4 d6 5.Nf3 O-O 6.Be2 e5 7.d5 a5 8.Bg5 Na6 9.Nd2 Qe8
10.g4 Nd7 11.h4 f6 12.Be3 Ndc5 13.h5 Rf7 14.hxg6 hxg6 15.Nb3 b6 16.Nxc5 Nxc5
17.Qd2 Bf8 18.O-O-O Bd7 19.f3 Qe7 20.Rdg1 Rh7 21.Bd1 Qg7 22.Ne2 Be7 23.Ng3 Kf7
24.Rxh7 Qxh7 25.Rh1 Qg7 26.Bh6 Qh7 27.g5 Rh8 28.gxf6 Bxf6 29.Be3 Qg8 30.Rg1 Qf8
31.Nh1 Bg7 32.Qg2 Bh6 33.Qxg6+ Ke7 34.Bg5+ Bxg5+ 35.Qxg5+ Qf6 36.Qxf6+ Kxf6
37.Be2 Rh2 38.Ng3 Bh3 39.Kd2 Rg2 40.Rxg2 Bxg2 41.b3 Bh3 42.Bf1 Bd7 43.Ne2 b5
44.cxb5 Bxb5 45.Ng3 Bd7 46.Bc4 Kg5 47.Ke3 Bh3 48.Ne2 Bd7 49.Nc3 Kf6 50.Bb5 Bh3
51.Nb1 Bd7 52.Bxd7 Nxd7 53.Na3 Nc5 54.Nc4 Nb7 55.Kd3 Ke7 56.Kc3 Kd7 57.Kb2 c6
58.Ka3 cxd5 59.exd5 Kc7 60.Ka4 Nc5+ 61.Kxa5 Nd3 62.b4 Nf4 63.Ne3 Nd3 64.b5 Ne1
65.b6+ Kb8 66.Kb5 Nxf3 67.Kc6  1-0

[Event "11th Kesan Open"]
[Site "Edirne TUR"]
[Date "2013.08.26"]
[Round "1.8"]
[White "Chighladze,I"]
[Black "Altin,H"]
[Result "1-0"]
[WhiteElo "2385"]
[BlackElo "1808"]

1.d4 Nf6 2.c4 g6 3.Nc3 Bg7 4.e4 d6 5.Nf3 O-O 6.Be2 Nbd7 7.O-O e5 8.Be3 Qe7
9.Qc2 Re8 10.d5 h6 11.b4 Nf8 12.Nd2 Ng4 13.Bxg4 Bxg4 14.c5 a6 15.Nc4 Rab8
16.Na4 Bd7 17.cxd6 cxd6 18.Nab6 Bb5 19.Rfc1 Nd7 20.Nxd7 Bxd7 21.Nb6 Bf8 22.Qd2 Qd8
23.Rc3 Kh7 24.Rac1 Re7 25.Rc7 f5 26.f3 f4 27.Bf2 Bg7 28.R1c3 Qe8 29.Qc2 Bf6
30.Nxd7 Rxd7 31.Rxd7+  1-0

[Event "11th Kesan Open"]
[Site "Edirne TUR"]
[Date "2013.08.26"]
[Round "1.9"]
[White "Erke,M"]
[Black "Morchiashvili,B"]
[Result "0-1"]
[WhiteElo "1794"]
[BlackElo "2355"]

1.d4 Nf6 2.c4 g6 3.Nc3 Bg7 4.e4 d6 5.Be2 O-O 6.Nf3 e5 7.Be3 exd4 8.Nxd4 Re8
9.f3 c6 10.Qd2 d5 11.cxd5 cxd5 12.Bb5 Bd7 13.Bg5 dxe4 14.O-O-O Bxb5 15.Ndxb5 Qxd2+
16.Rxd2 Na6 17.Bxf6 Bxf6 18.Nxe4 Rxe4 19.fxe4 Bg5 20.Kd1 Bxd2 21.Kxd2 Nc5
22.e5 Rd8+ 23.Kc2 a6 24.Nd6 Rd7 25.Kc3 Rc7 26.b4 Ne6+ 27.Kb2 Nf4 28.Rd1 Nxg2
29.Rc1 Rxc1 30.Kxc1 b6 31.Kd2 Nf4 32.Kc3 g5 33.a4 h5 34.Kd4 Kg7 35.b5 axb5
36.axb5 Ne6+ 37.Kd5 g4 38.Kc6 Kg6 39.Kxb6 h4 40.Ka7 g3 41.hxg3 hxg3 42.Ne4 g2  0-1

[Event "ch-ESP Rapid 2013"]
[Site "Linares ESP"]
[Date "2013.08.26"]
[Round "4.2"]
[White "Narciso Dublan,M"]
[Black "Dziuba,M"]
[Result "0-1"]
[WhiteElo "2505"]
[BlackElo "2589"]

1.d4 Nf6 2.c4 g6 3.Nc3 Bg7 4.e4 d6 5.Be2 O-O 6.Nf3 e5 7.d5 a5 8.Bg5 Na6 9.Nd2 h6
10.Be3 Bd7 11.O-O h5 12.f3 h4 13.Bg5 h3 14.g3 Qe8 15.Nb3 b6 16.Qd2 Nh7 17.Bh6 f5
18.Bxg7 Kxg7 19.exf5 gxf5 20.f4 a4 21.Nc1 e4 22.Nd1 Nf6 23.Ne3 Nc5 24.Qc3 Kg6
25.Rb1 b5 26.b4 axb3 27.axb3 Qb8 28.b4 Na4 29.Qd2 bxc4 30.Bxc4 Bb5 31.Nb3 Bxc4
32.Nxc4 Qb5 33.Ne3 Nb6 34.Rbd1 Nc4 35.Qe2 Qb6 36.Nd4 Nxe3 37.Qxe3 Ra2 38.Rd2 Ng4
39.Qc3 Rfa8 40.Kh1 R8a3 41.Qc1 Rxd2 42.Qxd2 Rd3  0-1

[Event "ch-ESP Rapid 2013"]
[Site "Linares ESP"]
[Date "2013.08.26"]
[Round "4.11"]
[White "Roca Galarza,J"]
[Black "Vazquez Igarza,R"]
[Result "1/2-1/2"]
[WhiteElo "2306"]
[BlackElo "2580"]

1.Nf3 Nf6 2.c4 g6 3.Nc3 Bg7 4.e4 d6 5.d4 O-O 6.Be2 e5 7.Be3 exd4 8.Nxd4 Re8
9.f3 c6 10.Bf2 d5 11.exd5 cxd5 12.O-O Nc6 13.c5 Nh5 14.Qd2 Be5 15.g3 Ng7
16.Rfd1 Bf5 17.Rac1 Bxd4 18.Bxd4 Ne6 19.Bf2 d4 20.Nb5 Ng5 21.Nxd4 Nxd4 22.Bxd4 Qe7
23.h4 Qxe2 24.Qxe2 Rxe2 25.hxg5 Bc2 26.Re1 Rae8 27.Rxe2 Rxe2 28.Kf1 Bd3 29.Kg1 Bb5
30.Bf6 Re8 31.Kf2 Re2+ 32.Kg1 Re8 33.Kf2 Re2+ 34.Kg1 Re8  1/2-1/2

[Event "20th Graz Open 2013"]
[Site "Graz AUT"]
[Date "2013.08.27"]
[Round "4.2"]
[White "Titz,Hei"]
[Black "Runic,Z"]
[Result "0-1"]
[WhiteElo "2206"]
[BlackElo "2395"]

1.c4 Nf6 2.Nc3 g6 3.e4 d6 4.d4 Bg7 5.Nf3 O-O 6.Be2 e5 7.Be3 Ng4 8.Bg5 f6
9.Bh4 Qe8 10.dxe5 dxe5 11.h3 Nh6 12.O-O Na6 13.Qc2 Nf7 14.a3 f5 15.Nd2 f4
16.f3 Nc5 17.Nb3 Ne6 18.c5 c6 19.Bc4 g5 20.Bf2 h5 21.Rad1 Kh8 22.Rd3 g4 23.fxg4 hxg4
24.hxg4 Nh6 25.Rh3 Ng5 26.Rh5 Qg6 27.Bh4 Nh7 28.Be7 Bxg4 29.Rh2 Rfe8 30.Bh4 Bf6
31.Nd2 Bxh4 32.Rxh4 Kg7 33.Nf3 Nf6 34.Nh2 Rad8 35.Nxg4 Nhxg4 36.Rf3 Ne3 37.Qe2 Rd4
38.b3 Nxc4 39.bxc4 Red8 40.Rhh3 Rd2 41.Qf1 Ng4 42.Rd3 Ne3 43.Rdxe3 fxe3 44.Rxe3 Rf8
45.Rf3 Rxg2+  0-1

[Event "ch-ESP Rapid 2013"]
[Site "Linares ESP"]
[Date "2013.08.27"]
[Round "6.11"]
[White "Narciso Dublan,M"]
[Black "Ortega Ruiz,J"]
[Result "1/2-1/2"]
[WhiteElo "2505"]
[BlackElo "2338"]

1.d4 Nf6 2.c4 g6 3.Nc3 Bg7 4.e4 d6 5.Be2 O-O 6.Nf3 e5 7.d5 c5 8.Bg5 h6 9.Bh4 a6
10.Nd2 Qc7 11.O-O Nh7 12.a3 f5 13.f3 f4 14.b4 g5 15.Bf2 Nd7 16.bxc5 Nxc5
17.Nb3 b6 18.Nxc5 bxc5 19.Rb1 Bd7 20.Qc2 Rfb8 21.Rxb8+ Rxb8 22.Rb1 Bf6 23.g4 Bd8
24.Bd1 Nf6 25.Be1 Rxb1 26.Qxb1 Qb6 27.Kf1 Qxb1 28.Nxb1 h5 29.h3 hxg4 30.hxg4 Kf7
31.Bc3 Ng8 32.Nd2 Ne7 33.Ke2 Ng6 34.Bb3 Nh4 35.Kf2 Ke7 36.Nb1 Bb6 37.a4 Ng6
38.Na3 Nh8 39.Nc2 Nf7 40.Ne1 Nd8 41.Nd3 Kf6 42.Ke2 Nb7 43.Kd2 Na5 44.Kc2 Nxb3
45.Kxb3 Bc7 46.Ka3 Ke7 47.Kb3 Kf6 48.Be1 Ke7 49.Bf2 Bb6 50.Nb4 Bc8 51.Nd3 Bd7
52.Nb4 Bc8  1/2-1/2

[Event "ch-ESP Rapid 2013"]
[Site "Linares ESP"]
[Date "2013.08.27"]
[Round "9.4"]
[White "Arizmendi Martinez,J"]
[Black "Ortega Ruiz,J"]
[Result "1/2-1/2"]
[WhiteElo "2577"]
[BlackElo "2338"]

1.d4 Nf6 2.c4 g6 3.Nc3 Bg7 4.e4 d6 5.Nf3 O-O 6.Be2 e5 7.Be3 Nbd7 8.O-O Nh5
9.Re1 Nf4 10.Bf1 c5 11.d5 a6 12.a3 b6 13.b4 Nh5 14.Rb1 Qc7 15.Qa4 Bb7 16.bxc5 bxc5
17.Rb2 Rfb8 18.Reb1 Bf6 19.g3 Bd8 20.Bh3 Nhf6 21.Bh6 Bc8 22.Qc6 Rxb2 23.Rxb2 Rb8
24.Qxc7 Bxc7 25.Rxb8 Bxb8 26.Nd2 Nb6 27.Bxc8 Nxc8 28.Bg5 Kg7 29.Na4 Bc7 30.Bxf6+ Kxf6
31.Nb3 Ke7 32.Kf1 f5 33.f3 Kd7 34.Ke2 Ne7 35.Naxc5+ dxc5 36.Nxc5+ Kd6 37.Nxa6 Bb6
38.Kd3 Bg1 39.h3 g5 40.Kc3 h5 41.Kb4 g4 42.hxg4 hxg4 43.c5+ Bxc5+ 44.Nxc5 gxf3
45.exf5 Nxd5+ 46.Kc4 Nf6 47.Nb3 Ne4 48.Kd3 Nxg3 49.Ke3 e4 50.Nd2 Ke5 51.Nxe4 Nxe4  1/2-1/2